Input the Airport Codes to the top 60 Busiest US Airports of 2015 - Statistics

General Stats
  • This quiz has been taken 952 times
  • The average score is 39 of 60
Answer Stats
Hint Answer % Correct
Atlanta ATL
99%
Los Angeles LAX
98%
Miami MIA
94%
Denver DEN
93%
New York City Kennedy JFK
92%
Las Vegas LAS
92%
Boston BOS
91%
Dallas/Ft. Worth DFW
91%
Phoenix PHX
91%
Seattle/Tacoma SEA
91%
San Francisco SFO
91%
Chicago O'hare ORD
87%
Salt Lake City SLC
82%
Charlotte CLT
81%
New York City LaGuardia LGA
81%
Philadelphia PHL
81%
Fort Lauderdale FLL
79%
Austin AUS
77%
Minneapolis/St. Paul MSP
77%
San Diego SAN
77%
Newark EWR
75%
Orlando MCO
75%
St. Louis STL
74%
Tampa TPA
72%
Houston Intercontinental/Bush IAH
71%
Detroit DTW
70%
Honolulu HNL
70%
Oakland OAK
70%
Indianapolis IND
69%
Baltimore/Washington D.C. BWI
67%
Pittsburgh PIT
66%
Cleveland CLE
62%
Buffalo BUF
61%
Washington D.C. Reagan DCA
60%
Houston Hobby HOU
60%
Portland,Oregon PDX
59%
Dallas Love DAL
58%
Ontario,California ONT
58%
Anchorage ANC
57%
Washington D.C. Dulles IAD
57%
Chicago Midway MDW
57%
Omaha OMA
57%
Albuquerque ABQ
54%
New Orleans MSY
53%
Raleigh/Durham RDU
52%
San Juan SJU
50%
Nashville BNA
49%
Jacksonville,Florida JAX
47%
Kansas City MCI
47%
San Antonio SAT
44%
Milwaukee MKE
41%
Cincinnati CVG
39%
San Jose SJC
39%
Sacramento SMF
36%
West Palm Beach PBI
35%
Santa Ana John Wayne SNA
35%
Fort Myers RSW
33%
Hartford BDL
31%
Columbus, Ohio John Glenn CMH
30%
Kahului,Hawaii OGG
27%
No matching quizzes found
Score Distribution
Percent of People with Each Score
Percentile by Number Answered
Your Score History
You have not taken this quiz